000 00301nam a22001337a 4500
008 170525b xxu||||| |||| 00| 0 eng d
020 _a9780138297633
041 _aeng
080 _a62
100 _a26
101 _aIM
245 _aSOFTWARE ENGINEERING IN THE UNIX
_cFRAKES, W.B
942 _2udc
_cBK
999 _c14300
_d14300